| 000 | 00355cam a22001337a 4500 | ||
|---|---|---|---|
| 008 | 180718b1962 xxu||||| |||| 00| 0 eng d | ||
| 082 | _aT123x54 F779 | ||
| 100 | _aSomani, G.D. | ||
| 245 |
_aWhy are prices rising? _cby G.D. Somani |
||
| 260 |
_aBombay _bThe Forum _c1962 |
||
| 300 | _a24p. | ||
| 650 | _aPrices - India | ||
| 700 | _aForum of Free Enterprise | ||
| 999 |
_c479333 _d479333 |
||